| 000 | 00644nam a2200229Ia 4500 | ||
|---|---|---|---|
| 003 | OSt | ||
| 005 | 20250922173142.0 | ||
| 008 | 210423s2017 xx 000 0 und d | ||
| 020 | _a978-1-4462-7299-2 | ||
| 040 | _cAL | ||
| 041 | _aEnglish | ||
| 082 |
_a305.23 _bGABS |
||
| 100 |
_aNorman Gabriel _9119541 |
||
| 245 |
_aSociology of early childhood _b: critical perspectives |
||
| 260 |
_aLondon _bSage Publications _c2017 |
||
| 300 |
_axi,176 _bPB |
||
| 365 |
_b2484.01 _cGBP |
||
| 650 |
_aSocial Groups _9119542 |
||
| 650 |
_aSociology _9119543 |
||
| 906 | _achildhood: ; critical ; early ; perspectives ; Sociology | ||
| 942 |
_2ddc _cBK |
||
| 999 |
_c176607 _d176607 |
||